Devine le joueur de foot #19 - Statistiques

Statistiques générales
  • Ce quiz a été pris 64 fois
  • Le résultat moyen est 15 sur 20
Statistiques - réponses
Par images Réponse % Correct
Federico Chiesa
94%
Warren Zaïre-Emery
93%
Khéphren Thuram
91%
Marcus Thuram
91%
João Neves
89%
Luís Figo
89%
Viktor Gyökeres
87%
Diego Forlán
83%
Lilian Thuram
81%
Rivaldo Vítor Borba Ferreira
81%
Brahim Díaz
80%
Mikel Merino
76%
Francesco Baresi
67%
Fran García
65%
Aaron Ramsdale
63%
Lucas Torreira
57%
Mohamed Kudus
56%
Enner Valencia
50%
Illan Meslier
50%
Jorrel Hato
22%
Aucun quiz correspondant
Distribution des résultats
% des personnes avec chaque résultat
Percentile par nombre de réponses
Votre historique - résultats
Vous n’avez pas pris ce quiz